Statistics for Drivers who died in F1

Click here to take the quiz!

General Stats

  • This quiz has been taken 286 times
  • The average score is 8 of 43

Answer Stats

DateEventCircuitTeamDriver% Correct
05/01/1994San Marino Grand PrixImolaWilliamsAyrton Senna
97%
10/05/2014Japanese Grand PrixSuzukaMarussiaJules Bianchi
81%
04/30/1994San Marino Grand PrixImolaSimtekRoland Ratzenberger
58%
05/08/1982Belgian Grand PrixZolderFerrariGilles Villeneuve
57%
09/05/1970Italian Grand PrixMonzaLotusJochen Rindt
52%
09/11/1978Italian Grand PrixMonzaLotusRonnie Peterson
41%
05/26/1955TestMonzaLanciaAlberto Ascari
38%
09/10/1961Italian Grand PrixMonzaFerrariWolfgang von Trips
32%
10/07/1973United States Grand PrixWatkins GlenTyrrellFrançois Cevert
30%
03/05/1977South African Grand PrixKyalamiShadowTom Pryce
30%
05/15/1986TestPaul RicardBrabhamElio de Angelis
29%
06/13/1982Canadian Grand PrixMontrealOsellaRiccardo Paletti
24%
05/07/1967Monaco Grand PrixMontecarloFerrariLorenzo Bandini
18%
06/06/1958French Grand PrixReimsFerrariLuigi Musso
18%
08/01/1980TestHockenheimringAlfa RomeoPatrick Depailler
18%
08/03/1958German Grand PrixNürburgringFerrariPeter Collins
18%
06/29/1973Dutch Grand PrixZandvoortMarchRoger Williamson
18%
10/24/1971World Championship Victory RaceBrands HatchBRMJo Siffert
17%
06/07/1970Dutch Grand PrixZandvoortDe TomasoPiers Courage
16%
05/30/1955Indianapolis 500IndianapolisKurtis KraftBill Vukovich
14%
03/30/1974South African Grand PrixKyalamiShadowPeter Revson
14%
03/14/1957TestMonzaFerrariEugenio Castellotti
12%
09/19/1958Moroccan Grand PrixAin-DiabVanwallStuart Lewis-Evans
12%
10/06/1974United States Grand PrixWatkins GlenSurteesHelmuth Koinigg
10%
07/07/1968French Grand PrixRouenHondaJo Schlesser
10%
08/19/1975Austrian Grand PrixÖsterreichringPenskeMark Donohue
10%
06/19/1960Belgian Grand PrixSpa-FrancorchampsLotusAlan Stacey
8%
07/31/1954German Grand PrixNürburgringMaseratiOnofre Marimón
8%
06/19/1960Belgian Grand PrixSpa-FrancorchampsCooperChris Bristow
6%
08/02/1969German Grand PrixNürburgringBMW (F2)Gerhard Mitter
6%
08/07/1966German Grand PrixNürburgringBrabhamJohn Taylor
5%
08/14/1967TestSilverstoneBrabhamBob Anderson
4%
08/02/1964German Grand PrixNürburgringPorscheCarel Godin de Beaufort
4%
05/15/1953Indianapolis 500IndianapolisKurtis KraftChet Miller
4%
05/19/1959Indianapolis 500IndianapolisCornisBob Cortner
3%
05/17/1959Indianapolis 500IndianapolisKurtis KraftJerry Unser
3%
05/30/1958Indianapolis 500IndianapolisKurtis KraftPat O'Connor
3%
02/17/1961TestModenaCooperGiulio Cabianca
2%
05/15/1957Indianapolis 500IndianapolisKurtis KraftKeith Andrews
2%
05/16/1955Indianapolis 500IndianapolisMuzmaMannu Ayulo
2%
05/07/1968TestIndianapolisLotusMike Spence
2%
05/30/1953Indianapolis 500IndianapolisKurtis KraftCarl Scarborough
1%
08/01/1959TestCharadeCooperIvor Bueb
1%

Score Distribution

Percentile by Number Answered

Percent of People with Each Score

Your Score History

You have not taken this quiz